County Seats of Western Pennsylvania - Statistics

General Stats
  • This quiz has been taken 12 times
  • The average score is 19 of 25
Answer Stats
Answer % Correct
Clearfield
100%
Erie
100%
Indiana
100%
New Castle
100%
Pittsburgh
100%
Bedford
88%
Clarion
88%
Kittanning
88%
Washington
88%
Beaver
75%
Butler
75%
Ebensburg
75%
Franklin
75%
Greensburg
75%
Meadville
75%
Tionesta
75%
Uniontown
75%
Warren
75%
Brookville
63%
Hollidaysburg
63%
Mercer
63%
Somerset
63%
Waynesburg
63%
Ridgway
50%
Smethport
38%
No matching quizzes found
Score Distribution
Percent of People with Each Score
Percentile by Number Answered
Your Score History
You have not taken this quiz